000 00592nam a2200205 u 4500
005 20220903165907.0
008 160414s1990 r 000 0 eng d
020 _a8472231917
035 _aUPN01000209545
049 _aCG
050 4 _aPQ8097 N4
_bE3.2
100 1 _aEdwards Valdés, Jorge,
_d1931-
_938768
245 1 0 _aAdios, poeta-- /
_cJorge Edwards.
260 _aBarcelona, Esp. :
_bTusquets,
_c1990.
300 _a323 p. :
_bil.
440 0 _aAndanzas ;
_v130
600 1 0 _aNeruda, Pablo,
_d1904-1973 -
_xCrítica e interpretación
_910349
905 _aLibro
999 _c181646
_d181646